<?xml version="1.0" encoding="UTF-8"?>
<record
    xmlns:xsi="http://www.w3.org/2001/XMLSchema-instance"
    xsi:schemaLocation="http://www.loc.gov/MARC21/slim http://www.loc.gov/standards/marcxml/schema/MARC21slim.xsd"
    xmlns="http://www.loc.gov/MARC21/slim">

  <leader>01356nam a2200337 u 4500</leader>
  <controlfield tag="001">47903</controlfield>
  <controlfield tag="005">20260504074251.0</controlfield>
  <controlfield tag="008">960313s1975                        spa  </controlfield>
  <datafield tag="020" ind1=" " ind2=" ">
    <subfield code="a"> 8429171312</subfield>
  </datafield>
  <datafield tag="035" ind1=" " ind2=" ">
    <subfield code="a">47903</subfield>
  </datafield>
  <datafield tag="035" ind1=" " ind2=" ">
    <subfield code="a">(OCoLC)778118007</subfield>
  </datafield>
  <datafield tag="040" ind1=" " ind2=" ">
    <subfield code="c">comduadb</subfield>
  </datafield>
  <datafield tag="041" ind1=" " ind2=" ">
    <subfield code="a">spa</subfield>
  </datafield>
  <datafield tag="082" ind1=" " ind2="4">
    <subfield code="a">540</subfield>
  </datafield>
  <datafield tag="100" ind1="1" ind2="0">
    <subfield code="a">Christen, Hans Rudolf</subfield>
    <subfield code="4">aut</subfield>
    <subfield code="e">aut</subfield>
    <subfield code="9">480354</subfield>
  </datafield>
  <datafield tag="245" ind1="1" ind2="0">
    <subfield code="a">Qu&#xED;mica general</subfield>
  </datafield>
  <datafield tag="250" ind1=" " ind2=" ">
    <subfield code="a">7. ed.</subfield>
  </datafield>
  <datafield tag="260" ind1=" " ind2=" ">
    <subfield code="a">Barcelona :</subfield>
    <subfield code="b">Revert&#xE9;,</subfield>
    <subfield code="c">1975.</subfield>
  </datafield>
  <datafield tag="300" ind1=" " ind2=" ">
    <subfield code="a">x, 241 p.</subfield>
  </datafield>
  <datafield tag="505" ind1=" " ind2=" ">
    <subfield code="a">CONTENIDO : Conceptos fundamentales. -- Aire, ox&#xED;geno e hidrogeno. -- Constituci&#xF3;n at&#xF3;mica y sistema peri&#xF3;dico. -- constituci&#xF3;n y propiedades de la materia. -- Relaciones ponderadas en los procesos qu&#xED;micos. -- El curso de las reacciones qu&#xED;micas. -- El equilibrio qu&#xED;mico. -- Reacciones &#xE1;cido-base. -- Procesos r&#xE9;dox. -- Reacciones de complejos. -- Qu&#xED;mica org&#xE1;nica.</subfield>
  </datafield>
  <datafield tag="650" ind1=" " ind2="7">
    <subfield code="a">Qu&#xED;mica</subfield>
    <subfield code="2">lemb</subfield>
    <subfield code="9">359</subfield>
  </datafield>
  <datafield tag="650" ind1=" " ind2="7">
    <subfield code="a">Reacciones qu&#xED;micas</subfield>
    <subfield code="2">lemb</subfield>
    <subfield code="9">43486</subfield>
  </datafield>
  <datafield tag="650" ind1=" " ind2=" ">
    <subfield code="a">Compuestos org&#xE1;nicos</subfield>
    <subfield code="9">41504</subfield>
  </datafield>
  <datafield tag="650" ind1=" " ind2=" ">
    <subfield code="a">Hidrocarburos insaturados</subfield>
    <subfield code="9">199770</subfield>
  </datafield>
  <datafield tag="650" ind1=" " ind2=" ">
    <subfield code="a">Hidrocarburos arom&#xE1;ticos</subfield>
    <subfield code="9">25332</subfield>
  </datafield>
  <datafield tag="650" ind1=" " ind2="7">
    <subfield code="a">&#xC1;cidos carbox&#xED;licos</subfield>
    <subfield code="2">lemb</subfield>
    <subfield code="9">4566</subfield>
  </datafield>
  <datafield tag="650" ind1=" " ind2="7">
    <subfield code="a">Amino&#xE1;cidos</subfield>
    <subfield code="2">dcs</subfield>
    <subfield code="9">2097</subfield>
  </datafield>
  <datafield tag="700" ind1="1" ind2="0">
    <subfield code="a">Alvarez Querol, Manuel Carlos</subfield>
    <subfield code="4">trl</subfield>
    <subfield code="e">trl</subfield>
    <subfield code="9">411029</subfield>
  </datafield>
  <datafield tag="700" ind1="1" ind2="0">
    <subfield code="a">Navarrete L&#xF3;pez-Cozar, Jos&#xE9;</subfield>
    <subfield code="4">trl</subfield>
    <subfield code="e">trl</subfield>
    <subfield code="9">717629</subfield>
  </datafield>
  <datafield tag="942" ind1=" " ind2=" ">
    <subfield code="c">BOOK</subfield>
  </datafield>
  <datafield tag="999" ind1=" " ind2=" ">
    <subfield code="c">35696</subfield>
    <subfield code="d">35696</subfield>
  </datafield>
  <datafield tag="952" ind1=" " ind2=" ">
    <subfield code="0">0</subfield>
    <subfield code="1">0</subfield>
    <subfield code="4">0</subfield>
    <subfield code="7">0</subfield>
    <subfield code="8">GEN</subfield>
    <subfield code="a">BC</subfield>
    <subfield code="b">BC</subfield>
    <subfield code="d">1997-07-03</subfield>
    <subfield code="e">Material adquirido por donaci&#xF3;n</subfield>
    <subfield code="i">C79827</subfield>
    <subfield code="l">0</subfield>
    <subfield code="o">540 CH554q</subfield>
    <subfield code="p">61000000244646</subfield>
    <subfield code="r">2024-09-22 00:00:00</subfield>
    <subfield code="t">1</subfield>
    <subfield code="w">2023-04-20</subfield>
    <subfield code="y">BOOK</subfield>
  </datafield>
</record>
